000
00304nam a2200109Ia 4500
008
190912s9999||||xx |||||||||||||| ||und||
100
_a
Anthony G Puxty
245
4
_a
The Social and Organizational Context of Management Accounting
260
_a
London
_b
Prentice Hall
_c
1998
300
_a
163
942
_c
BK
999
_c
7742
_d
7742